00378nam a2200145Ia 4500008004100000082001600041100001500057245004900072250000800121260003600129300001300165500002500178650001400203700001500217230524s9999 xx 000 0 und d a620.16bLAW aH.Lawrence 0aElements of Material Science and Engineering a6TH aSINGAPOREbAddison-Wesleyc1989 aXVII;585 aQuantity Number: 12 aChemistry a Van Vlack